The Sims 4 - cechy - Statystyki

Ogólne statystyki
  • Ten quiz został rozwiązany 51 razy
    2 od ostatniego zresetowania
  • Średni wynik to 54 z 95
Statystyki odpowiedzi
Część gry Cecha charakteru % Poprawnych
Gra podstawowa Aktywny
100%
Gra podstawowa (małe dziecko) Aniołek
100%
Gra podstawowa Dobry
100%
Wyspiarskie życie Dziecię wysp
100%
Do wynajęcia Hojny
100%
Gra podstawowa Infantylny
100%
Gra podstawowa Kreatywny
100%
Gra podstawowa Leniwy
100%
Wiejska sielanka Miłośnik zwierząt
100%
Spotkajmy się Mistrz parkietu
100%
Gra podstawowa Niechlujny
100%
Licealne lata Niezręczny towarzysko
100%
Gra podstawowa (niemowlę) Ostrożny
100%
Gra podstawowa (małe dziecko) Przylepa
100%
Gra podstawowa Rodzinny
100%
Gra podstawowa Romantyk
100%
Gra podstawowa (małe dziecko) Rozrabiaka
100%
Gra podstawowa Samotnik
100%
Gra podstawowa Schludny
100%
Gra podstawowa Smakosz
100%
Gra podstawowa (niemowlę) Spokojny
100%
Gra podstawowa Towarzyski
100%
Miejskie życie Wegetarianin
100%
Ucieczka w plener/niemowlę Wrażliwy
100%
Gra podstawowa Wredny
100%
Zostań gwiazdą Zadufany w sobie
100%
Gra podstawowa Zapaleniec
100%
Gra podstawowa Zły
100%
Życie eko Adept recyklingu
50%
Gra podstawowa Ambitny
50%
Gra podstawowa (małe dziecko) Ciekawy świata
50%
Nagroda za wydarzenie Ćwiczenie czyni mistrza
50%
Wyspiarskie życie Dziecię oceanu
50%
Do wynajęcia Dziecko wsi
50%
Gra podstawowa (niemowlę) Emocjonalny
50%
Życie eko Fanatyk ekologii
50%
Życie eko Freeganin
50%
Gra podstawowa Geniusz
50%
Gra podstawowa Głupek
50%
Gra podstawowa (małe dziecko) Głuptasek
50%
Gra podstawowa Kleptoman
50%
Spotkajmy się Klubowicz
50%
Ranczo Koniarz
50%
Śnieżna eskapada Kulturalny
50%
Gra podstawowa Kumpel
50%
Do wynajęcia Mądry
50%
Życie i śmierć Makabryczny
50%
Gra podstawowa Materialista
50%
Psy i koty Miłośnik kotów
50%
Gra podstawowa Miłośnik muzyki
50%
Psy i koty Miłośnik psów
50%
Gra podstawowa Mól książkowy
50%
Gra podstawowa Nieangażujący się
50%
Gra podstawowa Nie cierpi dzieci
50%
Gra podstawowa (małe dziecko) Niezależny
50%
Gra podstawowa Niezdarny
50%
Gra podstawowa Niezrównoważony
50%
Zakochaj się! Ostrożny w miłości
50%
Stangerville Paranoik
50%
Gra podstawowa Perfekcjonista
50%
Gra podstawowa Ponury
50%
Gra podstawowa Porywczy
50%
Do wynajęcia Przypałowy
50%
Ranczo Ranczer
50%
Gra podstawowa (małe dziecko) Rezolutny
50%
Gra podstawowa (niemowlę) Rozpromieniony
50%
Gra podstawowa (niemowlę) Ruchliwy
50%
Życie i śmierć Sceptyk
50%
Życie i śmierć Ścigany przez śmierć
50%
Gra podstawowa Snob
50%
Życie eko Twórca
50%
Gra podstawowa Uwielbia naturę
50%
Gra podstawowa Wesoły
50%
Gra podstawowa Wierny
50%
Do wynajęcia Wścibski
50%
Dzień w spa Wysokie wymagania
50%
Gra podstawowa Żarłok
50%
Gra podstawowa Zazdrosny
50%
Gra podstawowa Znawca sztuki
50%
Gra podstawowa (małe dziecko) Żywe srebro
50%
Nagroda za wydarzenie (dziecko) Bujna wyobraźnia
0%
Czar natury Burzyciel
0%
Dochodowe hobby Cwaniak
0%
Licealne lata Dusza towarzystwa
0%
Dochodowe hobby Idealista
0%
Czar natury Miłośnik roślin
0%
Przygoda wzywa Miłośnik rywalizacji
0%
Czar natury Mistyczny
0%
Licealne lata Nadgorliwość
0%
Zakochaj się! Niepoprawny romantyk
0%
Miejskie życie Nieprzystępny
0%
Wiejska sielanka Nietolerujący laktozy
0%
Gra podstawowa Śmiały
0%
Śnieżna eskapada Żądny przygód
0%
Nagroda za wydarzenie Zrzęda
0%
Nie znaleziono quizów pasujących do podanych kryteriów
Rozkład punktacji
Procent ludzi z każdym wynikiem
Percentyl według liczby udzielonych odpowiedzi
Twoja historia wyników
Nie rozwiązałeś tego quizu od ostatniego zresetowania